Countries by CO₂ Emissions Quiz Stats

 Plays Quiz Updated Jul 5, 2017

Support Sporcle.
Go Orange.
Score 0/25 Timer 03:00
8 Plays Today
Rank Country % Correct
1stChina
99.3%
2ndUnited States
99.3%
4thRussia
95.2%
3rdIndia
94.6%
19thFrance
94.3%
6thGermany
94.3%
16thUnited Kingdom
93.9%
12thBrazil
92.2%
5thJapan
91.9%
13thMexico
90.7%
9thCanada
90.2%
24thSpain
87.5%
18thItaly
85.7%
Rank Country % Correct
14thAustralia
83.5%
15thSouth Africa
71%
11thIndonesia
69.4%
8thSouth Korea
69.3%
20thPoland
69.1%
7thIran
67.2%
10thSaudi Arabia
63.9%
17thTurkey
62.5%
21stThailand
49.7%
25thMalaysia
43.5%
22ndTaiwan
30.3%
23rdKazakhstan
24.5%

From the Vault

Remove Ads.
Support Sporcle.
Get the best of Sporcle when you Go Orange. This ad-free experience offers more features, more stats, and more fun while also helping to support Sporcle. Thank you for becoming a member.

Show Comments

Extras

Top Quizzes Today


Score Distribution

Your Account Isn't Verified!

In order to create a playlist on Sporcle, you need to verify the email address you used during registration. Go to your Sporcle Settings to finish the process.

Report this User

Report this user for behavior that violates our Community Guidelines.

Details: